[Event "Nizhnij Novgorod-ch HL"]
[Site "Nizhnij Novgorod"]
[Date "2009.11.14"]
[Round "?"]
[White "Smirnova, Anastasia"]
[Black "Yakushenkova, Guzel"]
[Result "1/2-1/2"]
[WhiteElo "1977"]
[BlackElo "2163"]
[PlyCount "81"]
[EventDate "2009.11.14"]
[EventType "swiss"]
[EventRounds "9"]
[EventCountry "RUS"]
[SourceTitle "EXT 2022"]
[Source "ChessBase"]
[SourceDate "2021.10.06"]
[SourceVersion "1"]
[SourceVersionDate "2021.10.06"]
[SourceQuality "1"]

1. d4 d5 2. c4 c6 3. e3 Nf6 4. Bd3 e5 5. Nc3 e4 6. Bc2 Bd6 7. f3 exf3 8. Nxf3 0-0 9. 0-0 Bg4 10. Qe1 Re8 11. Qh4 Bxf3 12. Rxf3 Nbd7 13. cxd5 cxd5 14. Bd2 Nf8 15. Raf1 Be7 16. Qh3 Qc8 17. Bf5 Qc6 18. Be1 Rad8 19. Bh4 Rd6 20. Bg3 Rdd8 21. Be5 a6 22. g4 h6 23. Qg2 Ng6 24. Bxg6 fxg6 25. h4 Rf8 26. Rf4 Nd7 27. Nxd5 Bxh4 28. e4 Nxe5 29. dxe5 Rxf4 30. Rxf4 Bg5 31. Rf1 Qe6 32. Qg3 Rc8 33. Kh1 Rc2 34. Qb3 Rc6 35. Qxb7 Rc8 36. Qb3 Kh7 37. Qg3 Rc2 38. Rf2 Rc1+ 39. Kh2 Re1 40. Nc3 Re3 41. Rf3 1/2-1/2